Tim McGraw - Live Like You Were Dying Lyrics - Statistics

General Stats
  • This quiz has been taken 105 times
  • The average score is 265 of 343
Answer Stats
Lyrics % Correct
a
99%
i
99%
said
96%
when
96%
an
93%
be
93%
he
93%
and
91%
my
91%
the
91%
was
91%
you
91%
dying
90%
like
90%
live
90%
on
90%
to
90%
were
90%
in
88%
went
88%
mountain
87%
of
87%
rocky
87%
climbing
85%
skydiving
85%
get
84%
day
82%
chance
81%
early
81%
hope
81%
seconds
81%
that
81%
deeper
79%
some
79%
sweet
79%
sweeter
79%
been
78%
bull
78%
it
78%
life
78%
named
78%
loved
76%
2.7
75%
me
75%
with
75%
do
73%
i'd
73%
what
73%
denying
72%
gave
72%
spoke
72%
before
70%
forties
70%
lot
70%
at
69%
look
69%
'bout
67%
forgiveness
67%
time
66%
all
64%
as
64%
then
63%
came
61%
most
61%
someday
61%
dime
60%
looking
60%
moment
60%
man
58%
would
58%
have
57%
stopped
57%
days
55%
next
55%
spent
55%
times
55%
x-rays
55%
three
54%
year
54%
news
52%
this
52%
wasn't
52%
fishin'
51%
Fumanchu
51%
going
51%
if
51%
sudden
51%
dad
49%
kind
49%
talkin'
49%
about
48%
could
48%
finally
48%
options
48%
again
46%
became
46%
friend
46%
lost
46%
good
45%
husband
45%
imposition
45%
real
45%
such
45%
took
45%
asked
43%
really
43%
end
42%
him
42%
book
40%
got
40%
how's
39%
sank
39%
think
39%
what'd
39%
hit
37%
read
37%
did
36%
hard
36%
might
36%
long
34%
gift
31%
tomorrow
30%
eternity
28%
you'd
28%
eagle
27%
flying
27%
watched
24%
you've
21%
No matching quizzes found
Score Distribution
Percent of People with Each Score
Percentile by Number Answered
Your Score History
You have not taken this quiz